Problematika harmonizace ekologických daní

Zo všetkých daní a poplatkov ekologického charakteru, uplatňovaných v členských štátoch EÚ, je upravená iba spotrebná daň z minerálnych olejov. V rámci EÚ je vidieť snahu o definovanie obsahu, právnej formy a časového postupu zavedenia ekologickej daňovej reformy vo všetkých členských štátoch.

Guardado en:
Detalles Bibliográficos
Autor principal: Blechová, Beáta
Formato: Capítulo de libro
Lenguaje:checo
Materias:
Etiquetas: Agregar Etiqueta
Sin Etiquetas, Sea el primero en etiquetar este registro!

MARC

LEADER 00000naa$a2200000$$$4500
001 0018997
005 20221207121833.3
041 0 |a cze 
044 |a SK 
245 1 0 |a Problematika harmonizace ekologických daní  |c Beáta Blechová 
520 |a Zo všetkých daní a poplatkov ekologického charakteru, uplatňovaných v členských štátoch EÚ, je upravená iba spotrebná daň z minerálnych olejov. V rámci EÚ je vidieť snahu o definovanie obsahu, právnej formy a časového postupu zavedenia ekologickej daňovej reformy vo všetkých členských štátoch. 
610 2 0 |a ekológia 
610 2 0 |a reformy daňové 
610 2 0 |a Európska únia 
100 1 |a Blechová, Beáta